Đặc điểm địa danh thị xã Quảng Yên, tỉnh Quảng Ninh
Đặc điểm chính của địa danh thị xã QuảngYên. Những nét đặc thù như: nguồn gốc, cấu tạo, ý nghĩa (từ vựng) các địa danh. Một số đặc trưng văn hóa thông qua mối quan hệ của địa danh với lịch sử, địa lý.
Guardat en:
| Autor principal: | |
|---|---|
| Altres autors: | |
| Format: | Llibre |
| Idioma: | Vietnamese |
| Publicat: |
Đà Nẵng
Đại học Đà Nẵng
2014
|
| Matèries: | |
| Etiquetes: |
Afegir etiqueta
Sense etiquetes, Sigues el primer a etiquetar aquest registre!
|
| Thư viện lưu trữ: | Mạng thư viện Đại học Đà Nẵng |
|---|
| LEADER | 01669nam a2200337 4500 | ||
|---|---|---|---|
| 001 | 000020117 | ||
| 003 | 16559 | ||
| 005 | 20150302160330.0 | ||
| 008 | 150123s2014 viesd | ||
| 041 | |a vie | ||
| 082 | 1 | 4 | |a 808.06691 |b TR-A |
| 100 | 1 | |a Trịnh Tam Anh | |
| 245 | 1 | |a Đặc điểm địa danh thị xã Quảng Yên, tỉnh Quảng Ninh |c Trịnh Tam Anh ; Nguyễn Ngọc Chinh hướng dẫn. |k Luận văn Thạc sĩ | |
| 260 | |a Đà Nẵng |b Đại học Đà Nẵng |c 2014 | ||
| 300 | |a 83 tr., phụ lục 12 tr. |b Hình ảnh |c 29 cm. |e Tóm tắt | ||
| 500 | |a Luận văn thạc sĩ Khoa học. Chuyên ngành: Ngôn ngữ học. Mã số: 60.22.01 | ||
| 520 | |a Đặc điểm chính của địa danh thị xã QuảngYên. Những nét đặc thù như: nguồn gốc, cấu tạo, ý nghĩa (từ vựng) các địa danh. Một số đặc trưng văn hóa thông qua mối quan hệ của địa danh với lịch sử, địa lý. | ||
| 650 | 0 | 4 | |a Ngôn ngữ địa danh |v Luận văn tốt nghiệp |x Nghiên cứu |z Quảng Ninh |
| 653 | |a Ngôn ngữ địa danh | ||
| 653 | |a Ngôn ngữ học | ||
| 700 | 1 | |a Nguyễn Ngọc Chinh |c PGS.TS |e Hướng dẫn | |
| OWN | |a LSP | ||
| AVA | |a UDN50 |b LSP |d 808.06691 TR-A |e available |t Error 5001 Not defined in file expand_doc_bib_avail. |f 1 |g 0 |h N |i 0 |k 1 | ||
| 999 | |a From the UDN01 | ||
| AVA | |a UDN50 |b LSP |d 808.06691 TR-A |e available |t Error 5001 Not defined in file expand_doc_bib_avail. |f 1 |g 0 |h N |i 0 |k 1 | ||
| TYP | |a Monograph | ||
| TYP | |a Printed language | ||
| 980 | |a Mạng thư viện Đại học Đà Nẵng | ||